Score 0/20 Timer 02:00
0 Plays Today
Country Capital city % Correct
Italy???
100%
France???
99.1%
Japan???
98.3%
Spain???
97.4%
Germany???
94.9%
UK???
94%
China???
88.9%
Poland???
83.8%
Greece???
82.1%
Canada???
79.5%
Country Capital city % Correct
India???
78.6%
Netherlands???
78.6%
Brazil???
77.8%
Australia???
73.5%
Hungary???
72.6%
Turkey???
70.9%
Syria???
65.8%
Colombia???
61.5%
Libya???
55.6%
Morocco???
47.9%

You're not logged in!

Compare scores with friends on all Sporcle quizzes.
OR
Log In

Sporcle TV

Today on Sporcle TV


Watch our educational content, quiz creation guides, and fun videos on Sporcle TV.

Show Comments

Extras

Created Sep 21, 2013ReportNominate
Tags:Capital Quiz, Country Quiz

Top Quizzes Today


Score Distribution

Paid Content

Your Account Isn't Verified!

In order to create a playlist on Sporcle, you need to verify the email address you used during registration. Go to your Sporcle Settings to finish the process.

Report this User

Report this user for behavior that violates our Community Guidelines.

Details: